000 006090000a22001810004500
090 _aAR
_b03458
245 1 0 _aPlatypterigius Sachicarum (Rectilia, Ichtyosauria) nueva especie del cretácico de Colombia
650 1 4 _aPaleontología
_96983
650 1 4 _aIctiosaurios cretácicos
_997088
650 1 4 _aOrfología
_997089
650 1 4 _aTaxonomía
_992343
651 4 _mVilla de Leyva
_dBoyacá
_pColombia
_992749
653 _gPlatypterygius
_ePlatypterygius sachicarum
041 0 _aEspañol
100 1 _aPáramo F., María Eurídice
_997090
942 _cARTICULO
773 1 _tRevista Ingeominas
_h6
_q1-12
_d1997
999 _c12509
_d12509